000 00459cam a2200193 4500
001 D6583
008 090401t1981 xxu||||| |||| 00| 0 eng d
035 _a(Sirsi) u1659
041 _aeng
050 _a692.5
100 _aWheatley, N.R (ed)
245 _aLaxton`s building price book 1982
250 _a154th
260 _aEast Grinstead
_bKelly`s Directories
_c1981
300 _axxix. 773p. 21cm
350 _a0
942 _n0
948 _c04/03/1997
999 _c85690
_d85690